[Event "Manavgat Turkey Cup"]
[Site "Manavgat"]
[Date "2015.02.07"]
[Round "11"]
[White "Aliyev, Samil"]
[Black "Benk, Tolga Tugay"]
[Result "0-1"]
[WhiteElo "1519"]
[BlackElo "1774"]
[PlyCount "78"]
[EventDate "2015.01.31"]
[EventType "swiss"]
[EventRounds "11"]
[EventCountry "TUR"]
[SourceTitle "CBM 164 Extra"]
[Source "ChessBase"]
[SourceDate "2015.03.02"]
[SourceVersion "1"]
[SourceVersionDate "2015.03.02"]
[SourceQuality "1"]

1. e4 d6 2. d4 Nf6 3. Nc3 g6 4. h3 Bg7 5. Be3 0-0 6. Nf3 c6 7. a4 Qc7 8. Bd3 e5 9. dxe5 dxe5 10. Qd2 Rd8 11. Bg5 Na6 12. 0-0 Nb4 13. Rfd1 a5 14. Qe2 Be6 15. Nd2 h6 16. Be3 Bf8 17. Nc4 Nd7 18. Rd2 Nxd3 19. cxd3 Nc5 20. Qd1 Bxc4 21. dxc4 Rxd2 22. Bxd2 Qb6 23. Rb1 Rd8 24. Qe2 Qb3 25. Be3 Nxa4 26. Nxa4 Qxa4 27. Bb6 Rd7 28. Qg4 c5 29. b3 Qc6 30. Bxa5 Rd4 31. f3 f5 32. Qg3 f4 33. Qg4 Rd3 34. h4 h5 35. Qg5 Qd6 36. b4 Be7 37. Qh6 Bxh4 38. Kh2 Bg3+ 39. Kh3 Qd7# 0-1

[Event "Manavgat Turkey Cup"]
[Site "Manavgat"]
[Date "2015.02.05"]
[Round "9"]
[White "Aliyev, Samil"]
[Black "Demir, Mustafa"]
[Result "1/2-1/2"]
[WhiteElo "1519"]
[BlackElo "1861"]
[PlyCount "57"]
[EventDate "2015.01.31"]
[EventType "swiss"]
[EventRounds "11"]
[EventCountry "TUR"]
[SourceTitle "CBM 164 Extra"]
[Source "ChessBase"]
[SourceDate "2015.03.02"]
[SourceVersion "1"]
[SourceVersionDate "2015.03.02"]
[SourceQuality "1"]

1. e4 Nc6 2. d4 d5 3. e5 Bf5 4. c3 e6 5. Bd3 Bxd3 6. Qxd3 f5 7. Nf3 Qd7 8. Nbd2 Nh6 9. Nb3 Nf7 10. Be3 Be7 11. h4 0-0 12. 0-0-0 a5 13. Rhg1 h5 14. Ne1 a4 15. Na1 Ncxe5 16. dxe5 Nxe5 17. Qe2 Ng4 18. f3 Nxe3 19. Qxe3 a3 20. b3 Bf6 21. Nec2 c5 22. g4 d4 23. Qd3 b5 24. c4 bxc4 25. Qxc4 fxg4 26. fxg4 hxg4 27. Rxg4 Qd5 28. Re1 Qxc4 29. bxc4 1/2-1/2

[Event "Gebze op 5th"]
[Site "Kocaeli"]
[Date "2014.09.21"]
[Round "2"]
[White "Akman, Ozgur"]
[Black "Aliyev, Samil"]
[Result "1-0"]
[WhiteElo "2080"]
[BlackElo "1411"]
[PlyCount "93"]
[EventDate "2014.09.20"]
[EventType "swiss"]
[EventRounds "9"]
[EventCountry "TUR"]
[SourceTitle "CBM 162 Extra"]
[Source "ChessBase"]
[SourceDate "2014.10.17"]
[SourceVersion "1"]
[SourceVersionDate "2014.10.17"]
[SourceQuality "1"]

1. Nf3 Nf6 2. d4 d5 3. c4 e6 4. Nc3 Be7 5. Bg5 b6 6. cxd5 exd5 7. e3 Bb7 8. Bd3 Ne4 9. Bf4 Bd6 10. Bg3 0-0 11. Qc2 Bxg3 12. hxg3 f5 13. 0-0-0 Na6 14. a3 Rc8 15. Ne5 c5 16. Bxe4 fxe4 17. f4 Nb4 18. Qb3 a5 19. dxc5 bxc5 20. axb4 cxb4 21. Rd4 Ba8 22. Kd2 bxc3+ 23. bxc3 Qc7 24. Ra1 Rb8 25. Qc2 Rfc8 26. Ra2 Rb5 27. Rb2 Rc5 28. Rb3 Bb7 29. Qb2 Ba6 30. Qa3 Bf1 31. Qb2 Ba6 32. Qa3 Bf1 33. Ra4 Bxg2 34. Qb2 Bf1 35. Rb7 Qd6 36. Rb6 Qc7 37. Ra3 Qd8 38. Qb1 Bc4 39. Rb7 Ba6 40. Rd7 Qf6 41. Qh1 Qb6 42. Qc1 Qb5 43. c4 Qb4+ 44. Qc3 Qxc3+ 45. Kxc3 Bxc4 46. Kd4 R8c7 47. Rd8# 1-0

[Event "Kemer Turkey Cup"]
[Site "Kemer"]
[Date "2014.02.05"]
[Round "6"]
[White "Akin, Onur"]
[Black "Aliyev, Samil"]
[Result "1-0"]
[WhiteElo "1782"]
[BlackElo "1375"]
[PlyCount "31"]
[EventDate "2014.02.01"]
[EventType "swiss"]
[EventRounds "9"]
[EventCountry "TUR"]
[SourceTitle "CBM 158 Extra"]
[Source "ChessBase"]
[SourceDate "2014.02.28"]
[SourceVersion "1"]
[SourceVersionDate "2014.02.28"]
[SourceQuality "1"]

1. d4 Nf6 2. Nf3 e6 3. Bf4 d5 4. e3 c5 5. c3 Be7 6. Nbd2 0-0 7. Bd3 Nbd7 8. Ne5 Nxe5 9. dxe5 Nd7 10. Nf3 b6 11. h4 Bb7 12. Bxh7+ Kxh7 13. Ng5+ Kg8 14. Qh5 Bxg5 15. hxg5 f5 16. g6 1-0

[Event "Istanbul op-B 12th"]
[Site "Istanbul"]
[Date "2013.10.16"]
[Round "6"]
[White "Aliyev, Samil"]
[Black "Dogan, Mire Deniz"]
[Result "0-1"]
[WhiteElo "1358"]
[BlackElo "1796"]
[PlyCount "88"]
[EventDate "2013.10.12"]
[EventType "swiss"]
[EventRounds "9"]
[EventCountry "TUR"]
[SourceTitle "EXT 2014"]
[Source "ChessBase"]
[SourceDate "2013.11.20"]
[SourceVersion "1"]
[SourceVersionDate "2013.11.20"]
[SourceQuality "1"]

1. e4 c5 2. Nc3 g6 3. g3 Bg7 4. Bg2 Nc6 5. d3 d6 6. Nge2 Nf6 7. h3 a6 8. a4 0-0 9. 0-0 Bd7 10. Be3 e5 11. f4 Ne8 12. f5 Nd4 13. g4 Bc6 14. Ng3 b5 15. Qd2 b4 16. Nce2 b3 17. Bxd4 exd4 18. cxb3 Rb8 19. Ra3 Rb4 20. Nc1 Qh4 21. Qf2 Bh6 22. Qf3 Nf6 23. Nge2 Nd7 24. Qg3 Be3+ 25. Kh1 Qe7 26. Kh2 Ne5 27. f6 Qd8 28. Qh4 d5 29. g5 Qd6 30. Kh1 Kh8 31. Qh6 Rg8 32. Nf4 dxe4 33. dxe4 Bxc1 34. Rxc1 Ng4 35. hxg4 Qxf4 36. Rxc5 Bxe4 37. Bxe4 Qxe4+ 38. Kh2 Qf4+ 39. Kh3 d3 40. Rc4 Qf3+ 41. Kh2 d2 42. Rc8 Qe2+ 43. Kh3 Qxg4+ 44. Kh2 Qxc8 0-1